Countries by population decrease in 2024 - Statistics

General Stats
  • This quiz has been taken 29 times
  • The average score is 16 of 20
Answer Stats
Population decrease Continent Country % Correct
-3.263.655 Asia China
100%
-38.114 Europe Bulgaria
92%
-156.586 Europe Italy
92%
-617.906 Asia Japan
92%
-103.391 Europe Romania
92%
-620.077 Europe/Asia Russia
92%
-195.091 Europe Greece
85%
-223.643 Europe Poland
85%
-31.149 Asia South Korea
85%
-58.984 Europe Belarus
81%
-36.985 Europe Serbia
81%
-20.698 Europe Croatia
77%
-73.857 Europe Czech Republic
73%
-32.109 Europe Moldova
73%
-103.183 Asia Taiwan
69%
-19.890 Europe Albania
65%
-20.820 Europe Bosnia and Herzegovina
65%
-40.148 North America Cuba
65%
-34.424 Asia Thailand
50%
-43.560 Asia Nepal
38%
No matching quizzes found
Score Distribution
Percent of People with Each Score
Percentile by Number Answered
Your Score History
You have not taken this quiz